|
|
|
|
| LEADER |
00760nta a2200169 i 4500 |
| 001 |
dipl75196 |
| 005 |
20190801111525.0 |
| 008 |
190801s2018 hu om 0|| hun d |
| 040 |
|
|
|a SZTE Diploma Repozitórium
|b hun
|
| 041 |
|
|
|a hun
|
| 100 |
1 |
|
|a Dupák Evelin
|
| 245 |
1 |
2 |
|a A fiatal felnőttek (18-35) sportolási, táplálkozási és egészségmagatartási szokásainak egymáshoz való viszonya
|h [elektronikus dokumentum] /
|c Evelin Dupák
|
| 246 |
1 |
0 |
|a The relationship between sport, eating and health habits in the young adulthood (18-35)
|h [elektronikus dokumentum]
|
| 260 |
|
|
|c 2018
|
| 650 |
|
4 |
|a Pedagógusképzés
|
| 700 |
1 |
|
|a Mátó Veronika
|e ths
|
| 856 |
4 |
0 |
|u http://diploma.bibl.u-szeged.hu/id/eprint/75196/1/2018_Dup%C3%A1k_Evelin_M5ADWN_SZ.pdf
|z Dokumentum-elérés
|